000 00506nam a2200193 a 4500
001 17244
003 CO-ViMGA
008 141112s2004 ck r 000 u spa d
020 _a9584200518
040 _aCO-ViMGA
_bspa
_cCO-ViMGA
082 0 4 _a863 M657e
100 1 _aMontero, Rosa
_924515
245 1 0 _aEl corazón del Tártaro
260 _aBogotá,
_cPlaneta,
_c2001
300 _a267.p.
590 _aForma de adquisición : Premio - Mincultura
650 1 4 _aNOVELA ESPAÑOLA
_9488
942 _2ddc
_cBK
999 _c26814
_d26814